000 00493nam a2200193Ia 4500
005 20240823024106.0
008 240823s9999||||xx |||||||||||||| ||und||
020 _a978-81-224-0074-8
041 _aENGLISH
082 _A621.31 P9
100 _aJog MG
245 0 _aHydro-Electric and Pumped Stroge Plants
250 _a1st
260 _c2009
_bNew Age International (P
_aNew Delhi
500 _aYES
650 _aElectric Circuit Analysis
_bElectrical
942 _cBK
999 _c183096
_d183096